000 00531nam a2200217Ia 4500
003 OSt
005 20250509102722.0
008 220927b |||||||| |||| 00| 0 eng d
037 _cTextual
040 _aSDCL
_cSDCL
_beng
041 _2hin
_ahin
084 _aO152,3N21,1 K9;1
100 _aRenu, Phanishwarnath
_9391824
245 0 _aMaila anchal
246 _aमैला आँचल
260 _c1969.
300 _a334p.
650 _aHindi Fiction
_9515569
942 _cTEXL
_2CC
_n0
999 _c840489
_d840489